000 00791nam a2200253 a 4500
001 000047251
003 DO-SdBNP
005 20231211105747.0
008 180530s2020 dr 000 0 spa d
020 _a9789945193725
040 _aDO-SdBNP
_bspa
_cBPMSU
082 4 _aRD863.44
_bM647h 2020
_222
100 _aMiller, Jeannette,
_d1944-
245 1 0 _aHombrecito :
_bcuentos /
260 _aSanto Domingo, :
_bSantillana infantil y juvenil ;
_bLoqueleo,
_c2020
300 _a67 p. ;
_c23 cm.
490 0 _3Loqueleo
500 _aIncluye datos biográficos de la autora en la solapa de la cubierta
590 _aInventariado, 2020/VM
650 4 _aCuentos juveniles dominicanos
650 4 _aLiteratura juvenil dominicana
910 _aVMateo V. Control de calidad. BPMSU
942 _2ddc
_cBK
999 _c14507
_d14507